| 000 | 00406nam a2200133Ia 4500 | ||
|---|---|---|---|
| 005 | 20260328104337.0 | ||
| 008 | 260328s9999||||xx |||||||||||||| ||und|| | ||
| 100 | _aDobney, Stephen | ||
| 245 | 4 |
_aThe Master Architect Series Skidmore, Owings & Merrill, 1984-1994 / _cStephen Dobney |
|
| 260 | _b The Images Publishing Group, Ltd., Melbourne, | ||
| 300 | _a254 p. | ||
| 650 | _aARQUITECTURA | ||
| 942 | _cBK | ||
| 999 |
_c11958 _d11958 |
||